000 00428nam a22001697a 4500
003 MPLRDC
005 20220104144512.0
008 210129b ||||| |||| 00| 0 eng d
082 _a857.622 HL v.4 c.2
100 _a河洛著
245 _a二十年来香港惊人罪案. 第四集
_c
250 _a初版
260 _a
_b环球图书杂志出版社
_c1975
300 _b
650 _a
942 _cBK
_o857.622 HL v.4 c.2
999 _c50243
_d50233